Histoire des mathematiques
Αποθηκεύτηκε σε:
| Κύριος συγγραφέας: | |
|---|---|
| Μορφή: | Βιβλίο |
| Γλώσσα: | French |
| Δημοσίευση: |
Quebec :
Editions du renouveau Pedagogique,
1973
|
| Θέματα: | |
| Ετικέτες: |
Προσθήκη ετικέτας
Δεν υπάρχουν, Καταχωρήστε ετικέτα πρώτοι!
|
MARC
| LEADER | 00000cam a2200000 i 4500 | ||
|---|---|---|---|
| 001 | 1/9291 | ||
| 008 | 100713s1973 fre d | ||
| 035 | |l 10108576 | ||
| 040 | |a GR-MY-UA |b gre |e aacr | ||
| 041 | 0 | |a fre | |
| 082 | 0 | |a 510.9 |2 (22) | |
| 100 | 1 | |a Collette, Jean-Paul. | |
| 245 | 1 | 0 | |a Histoire des mathematiques / |c Jean-Paul Collette |
| 260 | |a Quebec : |b Editions du renouveau Pedagogique, |c 1973 | ||
| 300 | |a ix, 228 σ.; |b εικ.; |c 24 εκ. | ||
| 504 | |a Περιέχει βιβλιογραφικές αναφορές και ευρετήριο | ||
| 650 | 0 | 0 | |a Mathematics |x History. |
| 852 | |a INST |b SAMOS |c MAG |e 20100713 |h 510.9 COL |p 005300031520 |q 005300031520 |t BK |v τ.1: |y 0 |z τ.1 | ||
| 853 | |a INST |b SAMOS |c MAG |h 510.9 COL | ||
| 901 | |a BIBL3-2010-2 | ||
| 909 | |a Σ |b 165844 | ||
| 970 | |a ΡΟΥΣΣΟΥ |b ΚΩΝΣΤΑΝΤΙΝΑ |z 2010/07/08 | ||